| 000 | 00967cab a2200253 4500 | ||
|---|---|---|---|
| 001 | WB3110-15 | ||
| 008 | 090401t1995 xxu||||| |||| 00| 0 eng d | ||
| 035 | _a(Sirsi) u22523 | ||
| 041 | _aeng | ||
| 245 | _aDisputed compensation | ||
| 260 | _c1995 | ||
| 350 | _a0 | ||
| 490 |
_aTimes _v10 March 1995, 38(1) |
||
| 520 | _a"Emslie & Simpson Ltd v Aberdeen City DC" Court of Session 24/1/95. In cases of disputed compensation arising out of a compulsory purchase order, the general rule was that the acquiring authority should bear the expenses of a reference to the Lands Tribunal. | ||
| 650 | _aCOMPENSATION | ||
| 650 | _aCOMPULSORY PURCHASE ORDERS | ||
| 650 | _aEMSLIE & SIMPSON LTD V ABERDEEN CITY DC | ||
| 650 | _aEXPENSES | ||
| 650 | _aLAND COMPENSATION (SCOTLAND) ACT 1963 | ||
| 650 | _aSCOTLAND | ||
| 690 | _aENVIRONMENTAL AND LAND CONSULTANCY-PLANNING AND DEVELOPMENT-COMPULSORY PURCHASE AND COMPENSATION | ||
| 942 | _n0 | ||
| 948 | _c04/03/1997 | ||
| 999 |
_c15094 _d15094 |
||